Normal view
MARC view
- ( 2014 : عمان (الاردن)) تقرير لجنة تقييم التخاصية
Entry Personal Name
001 - CONTROL NUMBER
- control field: 47398
003 - CONTROL NUMBER IDENTIFIER
- control field: JO-AjAnu
005 - DATE AND TIME OF LATEST TRANSACTION
- control field: 20230606081827.0
008 - FIXED-LENGTH DATA ELEMENTS
- fixed length control field: 230606|| aca||aabn | a|a d
040 ## - CATALOGING SOURCE
- Original cataloging agency: JO-AjAnu
- Transcribing agency: JO-AjAnu
100 ## - HEADING--PERSONAL NAME
- Personal name: ( 2014 : عمان (الاردن)) تقرير لجنة تقييم التخاصية
670 ## - SOURCE DATA FOUND
- Source citation: Work cat.: (JO-AjAnu)24257: ( 2014 : عمان (الاردن)) تقرير لجنة تقييم التخاصية , author, تجربة الخصخصة في الاردن : تقييم الماضي لأجل المستقبل